|
|
|
|
| LEADER |
01167nam a2200337 a 4500 |
| 001 |
15146 |
| 003 |
BD-DhAAL |
| 005 |
20170913112320.0 |
| 008 |
170913s2003 ii 001 0 eng |
| 999 |
|
|
|c 38288
|d 38288
|
| 010 |
|
|
|a 2003305318
|
| 020 |
|
|
|a 8175411392
|
| 040 |
|
|
|a DLC
|c DLC
|d BD-DhAAL
|
| 050 |
0 |
0 |
|a JQ231
|b .K38 2003
|
| 082 |
|
|
|2 22
|a 351.54
|
| 100 |
1 |
|
|a Kashyap, Subhash C.
|9 22125
|
| 245 |
1 |
0 |
|a Blueprint of political reforms /
|c Subhash C. Kashyap.
|
| 246 |
3 |
0 |
|a Political reforms
|
| 260 |
|
|
|a Delhi :
|b Shipra Publications,
|c 2003.
|
| 300 |
|
|
|a ix, 316 p. ;
|c 22 cm.
|
| 500 |
|
|
|a "Under the auspices of Centre for Policy Research, New Delhi."
|
| 500 |
|
|
|a Includes index.
|
| 520 |
|
|
|a In the Indian context.
|
| 526 |
|
|
|a BIGD
|
| 541 |
|
|
|e 15146
|
| 650 |
|
0 |
|a Public administration
|z India.
|9 22126
|
| 650 |
|
0 |
|a Constitutional history
|z India.
|9 22127
|
| 651 |
|
0 |
|a India
|x Politics and government
|y 1947-
|9 22128
|
| 710 |
2 |
|
|a Centre for Policy Research (New Delhi, India)
|9 22129
|
| 942 |
|
|
|2 ddc
|c BK
|
| 952 |
|
|
|0 0
|1 0
|2 ddc
|4 0
|6 351_540000000000000_KAS
|7 0
|9 61092
|a IGS
|b IGS
|c GEN
|d 2017-09-13
|l 0
|o 351.54 KAS
|p 3010015146
|r 2017-09-13
|t 1
|w 2017-09-13
|y BK
|